Meghalt Kolosváry Gábor

Elmentve itt :
Bibliográfiai részletek
Dokumentumtípus: Cikk
Megjelent: 1968-12-28
Sorozat:Délmagyarország 58 No. 303
Kulcsszavak:Kolosváry Gábor, Gyászhír Szeged 1968, Nekrológ
Online Access:http://dmarchiv.bibl.u-szeged.hu/56044
LEADER 00433nab a2200145 i 4500
001 delm56044
005 20180927141842.0
008 180927s1968 hu o 0|| hun d
040 |a SZTE Délmagyarország Archívum  |b hun 
041 |a hun 
245 0 0 |a Meghalt Kolosváry Gábor  |h [elektronikus dokumentum] 
260 |c 1968-12-28 
300 |a 5 
490 0 |a Délmagyarország  |v 58 No. 303 
695 |a Kolosváry Gábor, Gyászhír Szeged 1968, Nekrológ